| 000 | 00683nam a22001937a 4500 | ||
|---|---|---|---|
| 003 | OSt | ||
| 005 | 20260115061200.0 | ||
| 008 | 260115b |||||||| |||| 00| 0 eng d | ||
| 020 | _a 978-971-97-0674-8 | ||
| 040 |
_aDWC-Main lib _cOC |
||
| 082 | _aFil. 344.3047 E82k 2013 | ||
| 100 | _aEstrada, Joseph Noel M. | ||
| 245 |
_aK to 12 R.A 10533 and relevant education Policies/ _cJoseph Noel M. Estrada |
||
| 260 |
_aQuezon City : _b Vibal Group , _c c2013. |
||
| 300 |
_axv, 240 pages : _billustration ; _c23cm. |
||
| 650 | _a1. Education law and legislation-- Philippines | ||
| 650 | _a2. Philippines -- Enhanced Basic education Act of 2013. | ||
| 942 |
_2ddc _cBK - FIL _kFil. _n0 |
||
| 999 |
_c7435 _d7435 |
||